[Event "AUTO-ELITE-2602"]
[Site "http://www.queenalice.com/game.php?id=1866750"]
[Date "2025.12.8"]
[Round "1"]
[White "Sexxy_Bunny"]
[Black "Diemerlin"]
[Result "1-0"]
[WhiteElo "2675"]
[BlackElo "2224"]

1. e4 e5 2. Nf3 Nc6 3. Bb5 f5 4. d3 fxe4 5. dxe4 Nf6 6. O-O Bc5 7. Bxc6 bxc6 8.
Nxe5 O-O 9. Nc3 Ba6 10. Nd3 Bb6 11. Bg5 Qe8 12. Re1 Qg6 13. Be3 Rae8 14. Bxb6
axb6 15. f3 Nh5 16. Kh1 Qg5 17. Qc1 Qh4 18. Qe3 Re6 19. Qf2 Qg5 20. g3 Rh6 21.
f4 Qg6 22. Re3 Nf6 23. Ne5 Qe8 24. Qf3 d6 25. Nd3 Qg6 26. Nf2 d5 27. Rd1 Bc8 28.
Rdd3 Bg4 29. Qg2 dxe4 30. Nfxe4 Bf5 31. Nxf6+ Qxf6 32. Rd1 Qf7 33. Rde1 Rd6 34.
Kg1 Qg6 35. Ne4 Re6 36. Ng5 Rxe3 37. Rxe3 Re8 38. Re2 h6 39. Nf3 Rxe2 40. Qxe2
Bxc2 41. Qc4+ Kh7 42. Ne5 Qe4 43. Qxe4+ Bxe4 44. b4 Kg8 45. Kf2 1-0

[Event "AUTO-ELITE-2602"]
[Site "http://www.queenalice.com/game.php?id=1866751"]
[Date "2025.12.8"]
[Round "1"]
[White "Diemerlin"]
[Black "Sexxy_Bunny"]
[Result "0-1"]
[WhiteElo "2225"]
[BlackElo "2674"]

1. e4 c5 2. d4 cxd4 3. c3 dxc3 4. Nxc3 Nc6 5. Nf3 e6 6. Be2 Nf6 7. O-O d6 8. Qb3
Be7 9. Rd1 e5 10. Be3 O-O 11. Rac1 Rb8 12. h3 Be6 13. Qa4 a6 14. Nd5 h6 15. Bf1
Re8 16. a3 Qd7 17. Nb6 Qd8 18. Nd5 Nd7 19. Rc3 Bf8 20. Qc2 Bxd5 21. Rxd5 Rc8 22.
Rd1 Nf6 23. b4 Qd7 24. Bc4 Nb8 25. Ba7 Nc6 26. Bb6 Nd8 27. Bxd8 Qxd8 28. Nxe5
Rxe5 29. Bxf7+ Kxf7 30. Rxc8 Qb6 31. Qb3+ d5 32. exd5 Bd6 33. Rc3 Re4 34. Rf3
Re2 35. Kf1 Re4 36. Qd3 Qb5 37. Qxb5 axb5 38. Re3 Rxe3 39. fxe3 Be5 40. Ke2 Ke7
41. Kf3 Kd6 42. e4 Nd7 43. Kg4 Nb6 44. Kf5 Nc4 45. Rd3 Bf6 0-1

[Event "AUTO-ELITE-2602"]
[Site "http://www.queenalice.com/game.php?id=1866756"]
[Date "2025.12.8"]
[Round "1"]
[White "raulzampronha"]
[Black "Diemerlin"]
[Result "1/2-1/2"]
[WhiteElo "2248"]
[BlackElo "2259"]

1. d4 Nf6 2. c4 e5 3. dxe5 Ng4 4. Nf3 Bc5 5. e3 Nc6 6. Be2 O-O 7. O-O Re8 8. Nc3
Ncxe5 9. Nxe5 Nxe5 10. b3 a5 11. Bb2 Ra6 12. Ne4 Ba7 13. Ng3 Rh6 14. Bd4 Qh4 15.
Bh5 Bxd4 16. exd4 Ng6 17. Qg4 d5 18. Qxh4 Nxh4 19. Be2 Nf5 20. Nxf5 Bxf5 21. Bf3
dxc4 22. bxc4 Rb6 1/2-1/2

[Event "AUTO-ELITE-2602"]
[Site "http://www.queenalice.com/game.php?id=1866757"]
[Date "2025.12.8"]
[Round "1"]
[White "Diemerlin"]
[Black "raulzampronha"]
[Result "1-0"]
[WhiteElo "2248"]
[BlackElo "2321"]

1. e4 d6 2. d4 Nf6 3. Nc3 Nbd7 4. Nf3 e5 5. g4 Nxg4 6. Rg1 Ngf6 7. Bc4 h6 8. Be3
c6 9. Qe2 b5 10. Bb3 Qa5 11. dxe5 Nxe5 12. Nxe5 dxe5 13. O-O-O Ba6 14. Qf3 b4
15. Ne2 c5 16. Qf5 c4 17. Ba4+ Qxa4 18. Qxe5+ 1-0

[Event "AUTO-MASTER-3289"]
[Site "http://www.queenalice.com/game.php?id=1869963"]
[Date "2026.2.28"]
[Round "2"]
[White "IranSilva"]
[Black "Diemerlin"]
[Result "1-0"]
[WhiteElo "2204"]
[BlackElo "2208"]

1. d4 Nf6 2. c4 e5 3. dxe5 Ng4 4. e4 h5 5. Nf3 Bc5 6. Be3 Nxe3 7. fxe3 Bxe3 8.
Qd3 Bh6 9. Be2 Nc6 10. Nc3 g6 11. O-O 1-0

[Event "AUTO-MASTER-3289"]
[Site "http://www.queenalice.com/game.php?id=1869964"]
[Date "2026.2.28"]
[Round "2"]
[White "Diemerlin"]
[Black "Pipo712"]
[Result "1-0"]
[WhiteElo "2196"]
[BlackElo "2106"]

1. e4 c5 2. d4 cxd4 3. c3 dxc3 4. Nxc3 Nc6 5. Nf3 e6 6. Be2 a6 7. O-O d6 8. Qb3
Nf6 9. Rd1 Bd7 10. Bf4 Qb8 11. Na4 b5 12. Nc5 e5 13. Nxd7 Nxd7 14. Be3 Be7 15.
Rac1 Qb7 16. Bc4 O-O 17. Bd5 Rac8 18. Rc3 Nb6 19. Rdc1 Nxd5 20. Qxd5 1-0

[Event "AUTO-MASTER-3289"]
[Site "http://www.queenalice.com/game.php?id=1869965"]
[Date "2026.2.28"]
[Round "2"]
[White "Pipo712"]
[Black "Diemerlin"]
[Result "0-1"]
[WhiteElo "2123"]
[BlackElo "2205"]

1. e4 e5 2. Nf3 Nc6 3. Bb5 f5 4. d3 fxe4 5. dxe4 Nf6 6. Nc3 Bc5 7. O-O O-O 8.
Bc4+ Kh8 9. Ng5 Qe8 10. Nd5 Qg6 11. Nxc7 Rb8 12. Nf7+ Rxf7 13. Bxf7 Qxf7 14. Qf3
d6 15. Nd5 Nd4 16. Qd3 Nxe4 17. b4 Qxd5 18. c4 Qc6 19. b5 Qc7 20. Qxe4 Bf5 21.
Qh4 Bd3 22. Re1 Nc2 23. Bd2 Nxa1 0-1

[Event "AUTO-MASTER-3289"]
[Site "http://www.queenalice.com/game.php?id=1869966"]
[Date "2026.2.28"]
[Round "2"]
[White "Diemerlin"]
[Black "Guilherme_Ottoni"]
[Result "0-1"]
[WhiteElo "2250"]
[BlackElo "2230"]

1. e4 c5 2. d4 cxd4 3. c3 dxc3 4. Nxc3 Nc6 5. Nf3 d6 6. Bc4 a6 7. O-O Nf6 8. Bf4
e6 9. Qe2 Nh5 10. Be3 Be7 11. Rfd1 Bd7 12. Nd4 Nf6 0-1

[Event "AUTO-MASTER-3289"]
[Site "http://www.queenalice.com/game.php?id=1869967"]
[Date "2026.2.28"]
[Round "2"]
[White "Guilherme_Ottoni"]
[Black "Diemerlin"]
[Result "1-0"]
[WhiteElo "2243"]
[BlackElo "2237"]

1. e4 e5 2. Nf3 Nc6 3. Bb5 f5 4. Nc3 Nf6 5. exf5 Bc5 6. O-O O-O 7. Nxe5 Nxe5 8.
d4 Bxd4 9. Qxd4 d6 10. f4 Nc6 11. Bxc6 bxc6 12. Qc4+ 1-0

[Event "AUTO-MASTER-3302"]
[Site "http://www.queenalice.com/game.php?id=1872236"]
[Date "2026.4.21"]
[Round "1"]
[White "cerenzo72"]
[Black "Diemerlin"]
[Result "1/2-1/2"]
[WhiteElo "2131"]
[BlackElo "2232"]

1. c4 e5 2. Nc3 Nf6 3. g3 c6 4. Bg2 d5 5. cxd5 cxd5 6. e3 d4 7. exd4 exd4 8.
Qa4+ Nc6 9. Bxc6+ bxc6 10. Ne4 Qd5 11. Nxf6+ gxf6 12. f3 d3 13. Qe4+ Qxe4+ 14.
fxe4 Rb8 15. Nf3 Bc5 1/2-1/2

[Event "AUTO-MASTER-3302"]
[Site "http://www.queenalice.com/game.php?id=1872237"]
[Date "2026.4.21"]
[Round "1"]
[White "Diemerlin"]
[Black "cerenzo72"]
[Result "1-0"]
[WhiteElo "2230"]
[BlackElo "2156"]

1. e4 e5 2. Nf3 d6 3. d4 exd4 4. Nxd4 Nf6 5. Nc3 Be7 6. g3 O-O 7. Bg2 c6 8. O-O
Nbd7 9. a4 a5 10. f4 Nc5 11. h3 Bd7 12. g4 Qc8 13. g5 Ne8 14. f5 f6 15. g6 hxg6
16. fxg6 f5 17. exf5 Bxf5 18. Nd5 cxd5 19. Qh5 Bxg6 20. Bxd5+ Ne6 21. Qxg6 Nc7
22. Nxe6 1-0

[Event "AUTO-MASTER-3302"]
[Site "http://www.queenalice.com/game.php?id=1872255"]
[Date "2026.4.21"]
[Round "1"]
[White "Fredo"]
[Black "Diemerlin"]
[Result "0-1"]
[WhiteElo "2099"]
[BlackElo "2224"]

1. d4 Nf6 2. Nf3 g6 3. c4 Bg7 4. Nc3 O-O 5. e4 d6 6. Be2 Na6 7. O-O e5 8. d5 Nc5
9. Qc2 a5 10. Bg5 h6 11. Be3 b6 12. b3 Ng4 13. Bd2 f5 0-1

[Event "AUTO-ELITE-2623"]
[Site "http://www.queenalice.com/game.php?id=1873950"]
[Date "2026.5.27"]
[Round "1"]
[White "Diemerlin"]
[Black "JUNIOR2"]
[Result "1-0"]
[WhiteElo "2272"]
[BlackElo "2461"]

1. e4 c5 2. d4 cxd4 3. c3 dxc3 4. Nxc3 Nc6 5. Nf3 d6 6. Bc4 a6 7. O-O Nf6 8. Bf4
e6 9. Qe2 Qc7 10. Rfd1 Be7 11. Rac1 O-O 12. Bb3 Qb8 13. e5 Nh5 14. Bg5 dxe5 15.
Bxe7 Nxe7 16. Nxe5 Nf6 17. Bc2 b5 18. Rd4 Bb7 19. g4 h6 20. Rcd1 Qe8 21. f4 Nc6
22. Rd6 Nxe5 23. fxe5 Nh7 24. h4 b4 25. Na4 Qb5 26. Qd3 g6 27. Rb6 1-0

[Event "AUTO-ELITE-2623"]
[Site "http://www.queenalice.com/game.php?id=1873951"]
[Date "2026.5.27"]
[Round "1"]
[White "JUNIOR2"]
[Black "Diemerlin"]
[Result "0-1"]
[WhiteElo "2473"]
[BlackElo "2253"]

1. e4 e5 2. Nf3 Nc6 3. d4 exd4 4. Nxd4 Bc5 5. Nb3 Bb6 6. a4 a5 7. Nc3 Nf6 8. Bg5
h6 9. Bh4 O-O 10. Qe2 Nd4 11. Qd3 Nxb3 12. cxb3 c6 13. O-O-O d5 14. Qc2 Qd6 15.
Kb1 Qe5 16. Bg3 Qe6 17. exd5 Nxd5 18. Nxd5 cxd5 19. Bd3 Re8 20. Qd2 Qf6 21. Rhe1
Bf5 22. Ka2 Rxe1 23. Rxe1 Qd4 0-1